000 01038 a2200229 4500
001 60379
005 20260407155854.0
008 260407a2019 arg spa d
003 AR-UNSa-BCEJYS
040 _aAR-UNSa-BCEJYS
_bspa
_cAR-UNSa-BCEJYS
080 _a657
_xContabilidad
245 1 0 _aIntroducción al conocimiento contable
020 _a978-987-749-113-5
264 1 _aSanta Fe :
_bEdiciones UNL
_c2019
300 _a206 p.
_c25 cm.
505 _a1. Contabilidad e información contable - 2. Variaciones patrimoniales – 3. Criterios de imputación de variaciones patrimoniales a los distintos ejercicios económicos – 4. Fuentes de la información contable – 5. Las registraciones contables – 6. Secuencias para la registración de operaciones básicas – 7. Culminación del proceso contable -
041 _aspa
942 _cBK
590 _aniveau_biblio:m niveau_hierar:0
100 1 _aDi Russo, Leila
856 4 1 _uhttps://www.biblioeco.unsa.edu.ar/pmb/images/libros/L129134.jpg
_yImagen de portada
_qimage/jpeg
999 _c6948
_d6948